[Event "K41 Efteraars EMT Basisklassen 2009"]
[Site "Valby"]
[Date "2009.10.13"]
[Round "5"]
[White "Andreassen, Mikkel"]
[Black "Nissen, Kaspar"]
[Result "1-0"]
[WhiteElo "1839"]
[BlackElo "1328"]
[PlyCount "63"]
[EventDate "2009.??.??"]

1. d4 d5 2. c4 dxc4 3. e4 Nf6 4. e5 Nd5 5. Bxc4 e6 6. Nf3 Bb4+ 7. Bd2 Nc6 8.
Nc3 Nb6 9. Bb5 O-O 10. Be3 Nd5 11. Qd3 Nxe3 12. fxe3 Ne7 13. O-O Bxc3 14. bxc3
a6 15. Ba4 b5 16. Bc2 g6 17. h4 Bb7 18. h5 Nf5 19. hxg6 fxg6 20. e4 Ng3 21.
Rfe1 Rf4 22. d5 Rxf3 23. Qxf3 Qh4 24. Qf6 Qh5 25. Qxe6+ Kh8 26. Qe7 Kg8 27. d6
Bd5 28. exd5 Rf8 29. Qe6+ Kh8 30. Qh3 Ne2+ 31. Rxe2 Qxe2 32. Bxg6 1-0

[Event "K41 Efteraars EMT Basisklassen 2009"]
[Site "Valby"]
[Date "2009.10.06"]
[Round "5"]
[White "Christensen, Aage Niels"]
[Black "Mikkelsen, Henning Peter"]
[Result "1-0"]
[WhiteElo "1326"]
[BlackElo "1400"]
[PlyCount "81"]
[EventDate "2009.??.??"]

1. e4 c5 2. Nc3 Nc6 3. g3 e6 4. Bg2 Bd6 5. Nf3 Nge7 6. O-O f5 7. Re1 O-O 8. Nb5
Bb8 9. d3 a6 10. Nc3 fxe4 11. dxe4 Qe8 12. Be3 b6 13. Ne2 Ra7 14. c3 Kh8 15. b4
cxb4 16. cxb4 Ne5 17. Nxe5 Bxe5 18. Rc1 Rb7 19. f4 Bc7 20. Rc2 e5 21. f5 d5 22.
exd5 Bxf5 23. d6 Bxc2 24. Qxc2 Bxd6 25. Bxb7 Bxb4 26. Rf1 Ng6 27. Rxf8+ Bxf8
28. Bxa6 Qe6 29. Bd3 Qg4 30. Bxg6 hxg6 31. Bxb6 Kh7 32. Be3 e4 33. Nf4 Qf3 34.
Qe2 g5 35. Qxf3 exf3 36. Ne6 Bd6 37. Nxg5+ Kg6 38. Nxf3 Ba3 39. h3 Kf7 40. Kf2
Ke6 41. Ke2 1-0

[Event "K41 Efteraars EMT Basisklassen 2009"]
[Site "Valby"]
[Date "2009.10.06"]
[Round "5"]
[White "Egholm, Leif"]
[Black "Nielsen, Soren Skovso"]
[Result "0-1"]
[WhiteElo "1672"]
[BlackElo "1431"]
[PlyCount "86"]
[EventDate "2009.??.??"]

1. e4 e5 2. Nf3 Nc6 3. d4 exd4 4. Bc4 Be7 5. c3 Na5 6. Bxf7+ Kxf7 7. Nxd4 Nc6
8. Qh5+ g6 9. Qf3+ Kg7 10. Be3 Ne5 11. Qe2 d6 12. h3 Nf6 13. Nd2 Bd7 14. O-O-O
c5 15. Nc2 Qa5 16. Na3 Ba4 17. Rde1 b5 18. f4 Nc4 19. Naxc4 bxc4 20. e5 Ne8 21.
Nxc4 Qa6 22. Nxd6 Qxe2 23. Nxe8+ Rhxe8 24. Rxe2 Rad8 25. b3 Bc6 26. Rg1 Rd3 27.
Kc2 Red8 28. Bf2 a5 29. a4 c4 30. Bd4 Rg3 31. bxc4 Bxa4+ 32. Kc1 Ba3+ 33. Kb1
Bb3 34. c5 Rb8 35. Ka1 Bc4 36. Rf2 a4 37. Rb1 Rxb1+ 38. Kxb1 Rd3 39. Kc2 Rg3
40. Rd2 Kf7 41. Bf2 Bb3+ 42. Kb1 Rxc3 43. e6+ Ke8 0-1

[Event "K41 Efteraars EMT Basisklassen 2009"]
[Site "Valby"]
[Date "2009.10.06"]
[Round "5"]
[White "Eiholt, Bjarne"]
[Black "Krogh, Soren"]
[Result "1/2-1/2"]
[WhiteElo "1421"]
[BlackElo "1147"]
[PlyCount "108"]
[EventDate "2009.??.??"]

1. d4 d5 2. c4 e6 3. Nc3 c6 4. cxd5 exd5 5. Qc2 Nf6 6. Bg5 Be7 7. e3 Be6 8. Bd3
Nbd7 9. Nge2 Qc7 10. O-O O-O-O 11. Bf4 Bd6 12. Nb5 cxb5 13. Bxd6 Qxc2 14. Bxc2
Nb6 15. b3 Rxd6 16. a4 b4 17. a5 Nbd7 18. Bd3 h5 19. a6 b6 20. Rfc1+ Kb8 21.
Bb5 g5 22. Bc6 h4 23. Bb7 g4 24. Rc2 Ne4 25. Rac1 Ndf6 26. Nf4 Bd7 27. Nd3 Nc3
28. Nxb4 Nb5 29. Nd3 Bf5 30. b4 Ne4 31. Ne5 Rf6 32. Nc6+ Rxc6 33. Bxc6 Ned6 34.
Ra2 Be4 35. Bd7 f5 36. Raa1 Rg8 37. Rc6 h3 38. g3 Bg2 39. Rac1 Nc4 40. Bxf5
Nbd6 41. Bd3 Nd2 42. Be2 N6c4 43. Rf6 Nf3+ 44. Bxf3 Bxf3 45. Rf4 Bg2 46. e4 Nd2
47. f3 dxe4 48. fxe4 Nf3+ 49. Kf2 Nxd4 50. e5 Ne6 51. Rf6 Re8 52. Rd1 Nc7 53.
Rfd6 Ne6 54. Rd7 Bc6 1/2-1/2

[Event "K41 Efteraars EMT Basisklassen 2009"]
[Site "Valby"]
[Date "2009.10.06"]
[Round "5"]
[White "Hojland, Ulrik"]
[Black "Wehl, Erik"]
[Result "1-0"]
[WhiteElo "1000"]
[BlackElo "1462"]
[PlyCount "111"]
[EventDate "2009.??.??"]

1. e4 c5 2. Nf3 a6 3. Nc3 e6 4. d4 cxd4 5. Nxd4 d6 6. Bc4 Be7 7. O-O Nf6 8. Bd2
O-O 9. Re1 Bd7 10. a4 Qb6 11. Nf3 Nc6 12. Be3 Qc7 13. Qd2 Na5 14. Bd3 Ng4 15.
Bf4 Nc6 16. Rad1 Rfd8 17. h3 Nge5 18. Re3 f6 19. Nh2 Be8 20. Be2 Bf7 21. Rg3
Ng6 22. Be3 Nce5 23. f4 Nc4 24. Qc1 Nxe3 25. Qxe3 d5 26. Kh1 Bc5 27. Qf3 Qxf4
28. exd5 exd5 29. Nxd5 Bxd5 30. Rxd5 Bd6 31. Rd3 Qxg3 32. Qxg3 Bxg3 33. Rxg3
Rd2 34. Bd3 Ne5 35. Ng4 Nxd3 36. cxd3 Re8 37. Nxf6+ Kf7 38. Nxe8 Kxe8 39. Rxg7
Rxb2 40. Rxh7 a5 41. Rh5 b6 42. Rh6 Rb4 43. Kh2 b5 44. axb5 Rxb5 45. Ra6 Rd5
46. h4 Kf7 47. g3 Kg7 48. Kh3 Rb5 49. Kg2 Rb2+ 50. Kf3 Ra2 51. h5 a4 52. g4 Ra1
53. Ke4 a3 54. Kf5 a2 55. Kg5 Kg8 56. Kg6 1-0

[Event "K41 Efteraars EMT Basisklassen 2009"]
[Site "Valby"]
[Date "2009.10.06"]
[Round "5"]
[White "Karup, Jesper"]
[Black "Jorgensen, Rasmus"]
[Result "1/2-1/2"]
[WhiteElo "1709"]
[BlackElo "1937"]
[PlyCount "121"]
[EventDate "2009.??.??"]

1. e4 c5 2. Nf3 d6 3. Bb5+ Bd7 4. Bxd7+ Qxd7 5. O-O Nc6 6. b3 Nf6 7. Re1 g6 8.
c3 Bg7 9. d4 cxd4 10. cxd4 O-O 11. Nc3 Rac8 12. Bd2 e6 13. Rc1 h6 14. h3 Rfd8
15. Bf4 Qe7 16. Qe2 a6 17. g4 Nh7 18. Red1 g5 19. Be3 Nf8 20. Qd2 Ng6 21. Ne2
Rc7 22. Rc2 Rdc8 23. Rdc1 Qd7 24. Ng3 Nce7 25. Rxc7 Rxc7 26. Rxc7 Qxc7 27. Qd3
Qa5 28. Qd2 Qxd2 29. Bxd2 Nc6 30. Ne2 Nge7 31. Bc3 d5 32. e5 Ng6 33. Nc1 Nf4
34. Kh2 f6 35. Kg3 fxe5 36. dxe5 Bf8 37. Bb2 Bc5 38. h4 Be7 39. a3 Kf7 40. b4
a5 41. b5 Na7 42. a4 Nc8 43. hxg5 hxg5 44. Nb3 Nb6 45. Nxa5 Nxa4 46. Ba1 Nc5
47. Nd2 Bd8 48. Nab3 Ncd3 49. Nf3 Kg6 50. Nbd4 Ba5 51. Nb3 Bb6 52. Bd4 Ne2+ 53.
Kg2 Nxd4 54. Nbxd4 Nf4+ 55. Kg3 Bc7 56. Nb3 Nd3 57. Kg2 Nxe5 58. Nxe5+ Bxe5 59.
Nc5 Kf7 60. Nxb7 Ke7 61. Nc5 1/2-1/2

[Event "K41 Efteraars EMT Basisklassen 2009"]
[Site "Valby"]
[Date "2009.10.06"]
[Round "5"]
[White "Mouritsen, Jan"]
[Black "Hojgaard, Knud"]
[Result "0-1"]
[WhiteElo "1719"]
[BlackElo "1817"]
[PlyCount "106"]
[EventDate "2009.??.??"]

1. d4 e6 2. Nf3 f5 3. g3 Nf6 4. Bg2 Be7 5. O-O O-O 6. c4 d6 7. Nc3 Qe8 8. b3 c6
9. Bb2 Na6 10. Re1 d5 11. Ne5 Nc7 12. f3 Qh5 13. e4 Bd6 14. exd5 exd5 15. c5
Bxe5 16. dxe5 Nd7 17. b4 Ne6 18. Qb3 Kh8 19. Rad1 a5 20. a3 axb4 21. axb4 Re8
22. Ne2 Ndf8 23. Nd4 Bd7 24. Ra1 Nxd4 25. Bxd4 Ne6 26. Qc3 Kg8 27. Rxa8 Rxa8
28. Ra1 Qe8 29. Rxa8 Qxa8 30. Qa1 Qxa1+ 31. Bxa1 g6 32. Kf2 Kf7 33. f4 Nc7 34.
Bf3 Ke6 35. h3 Nb5 36. Ke3 Na3 37. Bd1 Nb5 38. Bb2 Nc7 39. g4 Kf7 40. Bc3 Ne8
41. Be1 Be6 42. Bh4 Nc7 43. gxf5 Bxf5 44. Bg4 Ke6 45. Be1 h5 46. Bxf5+ Kxf5 47.
Bd2 Ne6 48. Kf3 g5 49. fxg5 Nxg5+ 50. Bxg5 Kxg5 51. e6 Kf6 52. Kf4 Kxe6 53. Kg5
d4 0-1

[Event "K41 Efteraars EMT Basisklassen 2009"]
[Site "Valby"]
[Date "2009.10.06"]
[Round "5"]
[White "Nielsen, Jimmy O"]
[Black "Skjoldager, Mikael"]
[Result "1-0"]
[WhiteElo "1795"]
[BlackElo "1733"]
[PlyCount "85"]
[EventDate "2009.??.??"]

1. d4 Nf6 2. c4 g6 3. Nc3 d5 4. Nf3 Bg7 5. cxd5 Nxd5 6. e4 Nxc3 7. bxc3 c5 8.
Rb1 O-O 9. Be2 b6 10. O-O Bb7 11. Qd3 Qc8 12. d5 Rd8 13. c4 e6 14. Bg5 f6 15.
Be3 e5 16. Rb3 Re8 17. Qc2 Qd7 18. Rfb1 Qd6 19. Bd3 Na6 20. Bd2 Bc8 21. h3 Bd7
22. R3b2 Nc7 23. a4 Reb8 24. a5 Ne8 25. axb6 Rxb6 26. Ba5 Rxb2 27. Qxb2 Bc8 28.
Bc2 Ba6 29. Nd2 Qe7 30. Ba4 Nd6 31. Bc6 Rf8 32. Bb5 Rb8 33. Qa2 Bc8 34. Bc6
Rxb1+ 35. Qxb1 Bh6 36. Qd3 Bxd2 37. Bxd2 Ba6 38. Bb5 Bxb5 39. cxb5 Qb7 40. Be3
c4 41. Qa3 Nxb5 42. Qb4 c3 43. Bh6 1-0

[Event "K41 Efteraars EMT Basisklassen 2009"]
[Site "Valby"]
[Date "2009.10.20"]
[Round "6"]
[White "Andreassen, Mikkel"]
[Black "Nielsen, Jimmy O"]
[Result "0-1"]
[WhiteElo "1839"]
[BlackElo "1795"]
[PlyCount "54"]
[EventDate "2009.??.??"]

1. d4 d5 2. c4 c6 3. Nf3 Nf6 4. Nc3 e6 5. Bg5 dxc4 6. e4 b5 7. e5 h6 8. Bh4 g5
9. Nxg5 hxg5 10. Bxg5 Nbd7 11. exf6 Bb7 12. g3 c5 13. d5 Nxf6 14. Bg2 Be7 15.
O-O Nxd5 16. Bxe7 Kxe7 17. Nxb5 Qb6 18. a4 a6 19. Na3 c3 20. Nc4 Qc7 21. b3
Rad8 22. Qc1 Nf6 23. f3 Rd3 24. Qc2 Rhd8 25. Rad1 Qd7 26. Ne5 Qd4+ 27. Kh1 Rxd1
0-1

[Event "K41 Efteraars EMT Basisklassen 2009"]
[Site "Valby"]
[Date "2009.10.20"]
[Round "6"]
[White "Hojland, Ulrik"]
[Black "Karup, Jesper"]
[Result "1/2-1/2"]
[WhiteElo "1000"]
[BlackElo "1709"]
[PlyCount "60"]
[EventDate "2009.??.??"]

1. e4 e6 2. d4 d5 3. Nd2 Nf6 4. e5 Nfd7 5. Bd3 c5 6. c3 Nc6 7. Ne2 cxd4 8. cxd4
f6 9. f4 fxe5 10. fxe5 Nxd4 11. O-O Bc5 12. Nxd4 Bxd4+ 13. Kh1 Nxe5 14. Qa4+
Nc6 15. Nf3 Bf6 16. Qg4 Qe7 17. Bxh7 Bd7 18. Bg6+ Kd8 19. Bg5 Rf8 20. Qg3 Be8
21. Bxe8 Kxe8 22. Nh4 Rf7 23. Ng6 Qd8 24. Nh8 Rf8 25. Bxf6 gxf6 26. Qg6+ Kd7
27. Nf7 Ne5 28. Nxe5+ fxe5 29. Qg7+ Qe7 30. Qxe5 Rxf1+ 1/2-1/2

[Event "K41 Efteraars EMT Basisklassen 2009"]
[Site "Valby"]
[Date "2009.10.20"]
[Round "6"]
[White "Jorgensen, Rasmus"]
[Black "Hojgaard, Knud"]
[Result "1-0"]
[WhiteElo "1937"]
[BlackElo "1817"]
[PlyCount "57"]
[EventDate "2009.??.??"]

1. e4 e6 2. d4 d5 3. Nc3 Bb4 4. e5 c5 5. a3 Bxc3+ 6. bxc3 Ne7 7. h4 Nbc6 8. h5
h6 9. Rh4 Qc7 10. Nf3 Bd7 11. Rb1 c4 12. g3 O-O-O 13. Bg2 Rdg8 14. Rf4 Be8 15.
Nh4 Rf8 16. Bh3 Bd7 17. Qf3 Nd8 18. Ng6 Nxg6 19. hxg6 Ba4 20. Qxd5 Kb8 21. Qe4
Bc6 22. Qe2 Bd5 23. Kf1 fxg6 24. Rb5 b6 25. a4 Qc6 26. Rxf8 Rxf8 27. Ba3 Rf7
28. Rxd5 Qxd5 29. Bg2 1-0

[Event "K41 Efteraars EMT Basisklassen 2009"]
[Site "Valby"]
[Date "2009.10.20"]
[Round "6"]
[White "Krogh, Soren"]
[Black "Nielsen, Soren Skovso"]
[Result "1-0"]
[WhiteElo "1147"]
[BlackElo "1431"]
[PlyCount "109"]
[EventDate "2009.??.??"]

1. e4 c5 2. c3 d6 3. d4 cxd4 4. cxd4 Nf6 5. Nc3 g6 6. f3 Bg7 7. Be3 Nc6 8. Qd2
Bd7 9. Bc4 Rc8 10. Bb3 a6 11. Nge2 Na5 12. O-O Nxb3 13. axb3 h5 14. Nc1 Qc7 15.
Nd3 Qb8 16. Bg5 Nh7 17. Be3 Nf8 18. f4 e6 19. Na4 Bb5 20. f5 Nd7 21. Rf2 Nf6
22. fxg6 fxg6 23. Nc3 Ng4 24. Rf3 d5 25. e5 Bxd3 26. Qxd3 Nxe3 27. Qxg6+ Kd8
28. Qxg7 Re8 29. Rxe3 Rc7 30. Qg5+ Rce7 31. Rf1 Qa7 32. Ne2 Kd7 33. Qxh5 Qb8
34. g4 Rh8 35. Qg5 Rg8 36. Qf4 Reg7 37. Rg3 Qd8 38. Qf6 Qa5 39. Nf4 Qb6 40. Rd1
Qc6 41. g5 Re7 42. h4 Qc2 43. Rf1 Qxb2 44. h5 Qxd4+ 45. Kh2 Qe4 46. h6 Qc2+ 47.
Kh3 Qh7 48. Nh5 Qc2 49. g6 Qe2 50. Rgf3 Qd2 51. g7 Qc2 52. Nf4 Qh7 53. Rg1 Qe4
54. Ng6 Ree8 55. h7 1-0

[Event "K41 Efteraars EMT Basisklassen 2009"]
[Site "Valby"]
[Date "2009.10.20"]
[Round "6"]
[White "Mikkelsen, Henning Peter"]
[Black "Mouritsen, Jan"]
[Result "0-1"]
[WhiteElo "1400"]
[BlackElo "1719"]
[PlyCount "108"]
[EventDate "2009.??.??"]

1. d4 d5 2. e4 e6 3. Nc3 Nf6 4. Bg5 Be7 5. Nf3 dxe4 6. Ne5 O-O 7. f3 exf3 8.
Nxf3 Nbd7 9. Bd3 h6 10. Bd2 b6 11. Qe2 Bb7 12. a3 c5 13. Ne4 Nxe4 14. Bxe4 Bxe4
15. Qxe4 Nf6 16. Qh4 cxd4 17. O-O-O d3 18. c3 Qd5 19. Kb1 Qe4 20. Qh3 Qg4 21.
Rhg1 Rac8 22. Ne5 Qxh3 23. gxh3 Kh7 24. Nxd3 Rfd8 25. Ne5 Bc5 26. Rgf1 Kg8 27.
Kc2 Bd4 28. Bf4 Bxe5 29. Bxe5 Rxd1 30. Kxd1 Nd5 31. Ke2 Rc4 32. Bg3 Rc5 33. Be5
f6 34. Bd4 Rc6 35. Bg1 e5 36. h4 Nf4+ 37. Kf3 Rd6 38. Be3 Ng6 39. Kg4 Kf7 40.
h5 Ne7 41. Rc1 Rd3 42. Kf3 f5 43. Ke2 e4 44. Bf4 Nd5 45. Bb8 f4 46. c4 f3+ 47.
Ke1 Ne3 48. Bxa7 Ng2+ 49. Kf1 Rb3 50. c5 bxc5 51. Bxc5 Rxb2 52. Bd4 Rd2 53.
Rc7+ Ke6 54. Bf2 Rd1+ 0-1

[Event "K41 Efteraars EMT Basisklassen 2009"]
[Site "Valby"]
[Date "2009.10.20"]
[Round "6"]
[White "Nissen, Kaspar"]
[Black "Eiholt, Bjarne"]
[Result "1-0"]
[WhiteElo "1328"]
[BlackElo "1421"]
[PlyCount "67"]
[EventDate "2009.??.??"]

1. Nf3 d5 2. d3 Nf6 3. Nbd2 e6 4. e4 dxe4 5. dxe4 Be7 6. g3 b6 7. Bg2 Bb7 8. e5
Nd5 9. O-O O-O 10. a3 c5 11. c4 Nc7 12. Qc2 Nc6 13. Ne4 Nd4 14. Nxd4 cxd4 15.
Nf6+ Bxf6 16. Bxb7 Bxe5 17. Bxa8 Qxa8 18. Qd3 Bf6 19. f4 Rd8 20. b4 Ne8 21. Bb2
Qb7 22. Rad1 g6 23. Qf3 Qc7 24. Rc1 d3 25. Be5 Qd7 26. Rcd1 Bxe5 27. fxe5 Qd4+
28. Kh1 Rd7 29. Qf4 Qc3 30. c5 bxc5 31. bxc5 Qxc5 32. Rxd3 Qc6+ 33. Rff3 Nc7
34. Rd6 1-0

[Event "K41 Efteraars EMT Basisklassen 2009"]
[Site "Valby"]
[Date "2009.10.20"]
[Round "6"]
[White "Skjoldager, Mikael"]
[Black "Christensen, Aage Niels"]
[Result "1-0"]
[WhiteElo "1733"]
[BlackElo "1326"]
[PlyCount "39"]
[EventDate "2009.??.??"]

1. e4 e5 2. Nf3 Nc6 3. Bb5 a6 4. Ba4 Nf6 5. O-O Nxe4 6. d4 b5 7. Bb3 d5 8. dxe5
Be6 9. Nbd2 Nc5 10. c3 Nxb3 11. Nxb3 Be7 12. Be3 O-O 13. Nbd4 Nxd4 14. cxd4 g5
15. Qd3 c5 16. dxc5 Rc8 17. b4 f5 18. exf6 Bxf6 19. Bd4 Bf5 20. Qxf5 1-0

[Event "K41 Efteraars EMT Basisklassen 2009"]
[Site "Valby"]
[Date "2009.10.20"]
[Round "6"]
[White "Wehl, Erik"]
[Black "Egholm, Leif"]
[Result "0-1"]
[WhiteElo "1462"]
[BlackElo "1672"]
[PlyCount "94"]
[EventDate "2009.??.??"]

1. d4 Nf6 2. c4 c5 3. e3 g6 4. Nf3 Bg7 5. Nc3 O-O 6. Be2 b6 7. O-O d6 8. Qc2
cxd4 9. exd4 Bb7 10. Rd1 Nbd7 11. b3 Rc8 12. Be3 d5 13. Ne5 e6 14. Rac1 Qe7 15.
Nxd7 Nxd7 16. Qd2 dxc4 17. bxc4 Rfd8 18. Bg5 f6 19. Bh4 g5 20. Bg3 f5 21. f4 g4
22. Bf1 Nf8 23. Bf2 h5 24. Qe1 Bf6 25. d5 Qb4 26. Bh4 Bxc3 27. Qxc3 Qxc3 28.
Rxc3 Rd7 29. Ra3 Ba8 30. Bf6 exd5 31. cxd5 Kf7 32. Be5 Rc5 33. d6 a5 34. Rb1
Ng6 35. Re1 Bd5 36. Bd3 Be6 37. Kf2 h4 38. h3 g3+ 39. Ke3 Nxe5 40. fxe5 Rxe5+
41. Kd2 Rxe1 42. Kxe1 Rxd6 43. Ke2 Kf6 44. Ra4 Kg5 45. Ra3 Bd5 46. Kf1 Bxa2 47.
Bxf5 Bc4+ 0-1

[Event "K41 Efteraars EMT Basisklassen 2009"]
[Site "Valby"]
[Date "2009.10.27"]
[Round "7"]
[White "Christensen, Aage Niels"]
[Black "Andreassen, Mikkel"]
[Result "0-1"]
[WhiteElo "1326"]
[BlackElo "1839"]
[PlyCount "72"]
[EventDate "2009.??.??"]

1. e4 e5 2. f4 Bc5 3. Nf3 d6 4. c3 Bb6 5. d4 exd4 6. cxd4 Nf6 7. Nc3 O-O 8. Bd3
Re8 9. O-O Nc6 10. Bc2 Bg4 11. Be3 Nxe4 12. Nxe4 f5 13. Nf2 Rxe3 14. Nxg4 fxg4
15. Bxh7+ Kxh7 16. Ng5+ Kg8 17. Qc2 Bxd4 18. Qh7+ Kf8 19. Qf5+ Bf6 20. Qd5 Qe7
21. Nh7+ Ke8 22. Qg8+ Kd7 23. Nxf6+ gxf6 24. Qxa8 Re2 25. Qg8 Qe3+ 26. Kh1 f5
27. Qg7+ Ne7 28. Qc3 Qe4 29. Rg1 Nd5 30. Qg7+ Kc6 31. Rac1+ Kb6 32. b4 c6 33.
Qa1 g3 34. h3 Nxf4 35. Rce1 Nxh3 36. Rxe2 Nf2+ 0-1

[Event "K41 Efteraars EMT Basisklassen 2009"]
[Site "Valby"]
[Date "2009.10.27"]
[Round "7"]
[White "Eiholt, Bjarne"]
[Black "Egholm, Leif"]
[Result "1/2-1/2"]
[WhiteElo "1421"]
[BlackElo "1672"]
[PlyCount "62"]
[EventDate "2009.??.??"]

1. d4 Nf6 2. c4 c5 3. d5 b5 4. cxb5 a6 5. Nc3 axb5 6. e4 b4 7. Nb5 d6 8. Bf4 g6
9. e5 Nh5 10. Bg5 f6 11. exf6 exf6 12. Bh4 Be7 13. Be2 Ng7 14. Bg3 O-O 15. h3
Qb6 16. Nf3 Ra5 17. a4 bxa3 18. Rxa3 Bd7 19. Rxa5 Qxa5+ 20. Nc3 Nf5 21. Bh2 Na6
22. O-O Nb4 23. Re1 Re8 24. Ne4 Qb6 25. Nc3 Nh6 26. Nd2 Nf7 27. Nc4 Qc7 28. Ne4
Ne5 29. Bf1 Nxc4 30. Bxc4 f5 31. Nc3 Qb8 1/2-1/2

[Event "K41 Efteraars EMT Basisklassen 2009"]
[Site "Valby"]
[Date "2009.10.27"]
[Round "7"]
[White "Hojgaard, Knud"]
[Black "Nissen, Kaspar"]
[Result "1/2-1/2"]
[WhiteElo "1817"]
[BlackElo "1328"]
[PlyCount "70"]
[EventDate "2009.??.??"]

1. d4 Nf6 2. c4 g6 3. Nc3 Bg7 4. e4 d6 5. f4 O-O 6. Nf3 c5 7. Be2 cxd4 8. Nxd4
Nc6 9. Be3 e5 10. Nxc6 bxc6 11. fxe5 dxe5 12. Bc5 Re8 13. Qxd8 Rxd8 14. Rf1 Rd7
15. b3 Ne8 16. Rd1 Nc7 17. Rd3 Ne6 18. Rxd7 Bxd7 19. Be3 Nd4 20. Bd3 Bf8 21.
Ne2 Bb4+ 22. Bd2 a5 23. h3 f5 24. Nc3 f4 25. Ne2 c5 26. Nc3 a4 27. bxa4 Bxa4
28. Nxa4 Rxa4 29. Bxb4 Rxb4 30. Rf2 Ra4 31. Rb2 Ra3 32. Rd2 f3 33. Kf2 fxg2 34.
Kxg2 Kg7 35. Kf2 h5 1/2-1/2

[Event "K41 Efteraars EMT Basisklassen 2009"]
[Site "Valby"]
[Date "2009.10.27"]
[Round "7"]
[White "Krogh, Soren"]
[Black "Wehl, Erik"]
[Result "0-1"]
[WhiteElo "1147"]
[BlackElo "1462"]
[PlyCount "60"]
[EventDate "2009.??.??"]

1. e4 c5 2. c3 e6 3. d4 cxd4 4. cxd4 a6 5. Nf3 Be7 6. Nc3 d6 7. Be2 Nf6 8. Rb1
O-O 9. O-O b5 10. a3 Bb7 11. Qd3 Re8 12. b4 Nbd7 13. Bf4 Nf8 14. e5 dxe5 15.
Nxe5 Rc8 16. Rfd1 Nd5 17. Bd2 Nf6 18. a4 bxa4 19. b5 axb5 20. Nxb5 Be4 21. Qg3
Bxb1 22. Rxb1 Ng6 23. h4 Nxe5 24. dxe5 Ne4 25. Qe3 Nxd2 26. Rd1 Rc2 27. Nd4 Bc5
28. Qd3 Qxd4 29. Qxd4 Bxd4 30. Bd3 Ra2 0-1

[Event "K41 Efteraars EMT Basisklassen 2009"]
[Site "Valby"]
[Date "2009.10.27"]
[Round "7"]
[White "Nielsen, Jimmy O"]
[Black "Hojland, Ulrik"]
[Result "1-0"]
[WhiteElo "1795"]
[BlackElo "1000"]
[PlyCount "69"]
[EventDate "2009.??.??"]

1. d4 Nf6 2. c4 g6 3. Nc3 Bg7 4. e4 d6 5. f3 O-O 6. Be3 e5 7. Nge2 a5 8. Qd2
Nfd7 9. g4 Na6 10. d5 Nac5 11. h4 f6 12. Ng3 Rf7 13. Be2 b6 14. O-O-O a4 15.
Bh6 Qf8 16. Bxg7 Rxg7 17. Kb1 Nb7 18. Nb5 Ndc5 19. f4 Qd8 20. Bf3 Na5 21. Na3
Ba6 22. Be2 Rb8 23. Qe3 Qd7 24. f5 Bc8 25. g5 Qe7 26. gxf6 Qxf6 27. Rdf1 Qd8
28. f6 Rf7 29. Qg5 Kh8 30. h5 gxh5 31. Bxh5 Qg8 32. Qxg8+ Kxg8 33. Bxf7+ Kxf7
34. Rxh7+ Kg6 35. Rg7+ 1-0

[Event "K41 Efteraars EMT Basisklassen 2009"]
[Site "Valby"]
[Date "2009.10.27"]
[Round "7"]
[White "Nielsen, Soren Skovso"]
[Black "Mikkelsen, Henning Peter"]
[Result "1-0"]
[WhiteElo "1431"]
[BlackElo "1400"]
[PlyCount "65"]
[EventDate "2009.??.??"]

1. d4 f5 2. Nc3 Nf6 3. Nf3 e6 4. d5 d6 5. dxe6 Bxe6 6. e3 a6 7. Nd4 Bd7 8. Bd3
g6 9. O-O Bg7 10. Nce2 Nc6 11. c3 Qe7 12. Ng3 Ne5 13. Be2 O-O-O 14. e4 fxe4 15.
Bg5 d5 16. Qb3 Qf7 17. Bf4 Nh5 18. Bxe5 Bxe5 19. Bxh5 gxh5 20. Nxe4 Qg8 21. Nc5
b6 22. Nxa6 Bh3 23. g3 Qg6 24. Rfe1 Rhe8 25. Nf3 Bf6 26. Nb4 Be6 27. Qa4 Rd6
28. Ne5 Bxe5 29. Rxe5 Bf7 30. Rxe8+ Bxe8 31. Qa8+ Kd7 32. Nxd5 Qd3 33. Re1 1-0

[Event "K41 Efteraars EMT Basisklassen 2009"]
[Site "Valby"]
[Date "2009.10.27"]
[Round "7"]
[White "Skjoldager, Mikael"]
[Black "Jorgensen, Rasmus"]
[Result "1/2-1/2"]
[WhiteElo "1733"]
[BlackElo "1937"]
[PlyCount "80"]
[EventDate "2009.??.??"]

1. e4 g6 2. d4 Bg7 3. Nc3 d6 4. f4 a6 5. Nf3 Nd7 6. Bd3 b5 7. e5 Nh6 8. Ng5 O-O
9. O-O c5 10. Nce4 cxd4 11. exd6 exd6 12. Nxd6 Nc5 13. Nxc8 Nxd3 14. Qxd3 Rxc8
15. f5 Rc6 16. f6 Rxf6 17. Rxf6 Qxf6 18. Bd2 Qf5 19. Qb3 d3 20. cxd3 Ng4 21.
Ne4 Bd4+ 22. Kh1 Re8 23. h3 Nf2+ 24. Nxf2 Qxf2 25. Qd5 Bxb2 26. Rd1 Be5 27. Qd7
Rb8 28. Qg4 Qg3 29. Qxg3 Bxg3 30. Rc1 Re8 31. Kg1 Re6 32. Kf1 h5 33. Bb4 Kg7
34. d4 Bd6 35. Bc3 Re4 36. d5+ f6 37. Be1 Rf4+ 38. Ke2 Re4+ 39. Kd1 Rd4+ 40.
Kc2 Be5 1/2-1/2